[Event "Russian Rapid Championship (m)"]
[Site "Sochi"]
[Date "2022.10.15"]
[Round "1.1"]
[White "Efremov, Vladislav"]
[Black "Artemiev, Vladislav"]
[Result "0-1"]
[BlackElo "2710"]
[WhiteElo "2118"]
[LiveChessVersion "1.4.8"]

1. c4 {[%clk 0:15:18]} e5 {[%clk 0:12:46]} 2. g3 {[%clk 0:15:18]} Nc6
{[%clk 0:12:41]} 3. Bg2 {[%clk 0:15:19]} g6 {[%clk 0:12:47]} 4. Nc3
{[%clk 0:15:17]} Bg7 {[%clk 0:12:54]} 5. e3 {[%clk 0:15:02]} d6 {[%clk 0:12:51]}
6. Nge2 {[%clk 0:15:01]} Be6 {[%clk 0:11:55]} 7. d3 {[%clk 0:13:59]} Qd7
{[%clk 0:11:59]} 8. h4 {[%clk 0:11:21]} f5 {[%clk 0:10:49]} 9. Rb1
{[%clk 0:09:21]} Nf6 {[%clk 0:10:44]} 10. Nd5 {[%clk 0:09:27]} O-O
{[%clk 0:10:16]} 11. O-O {[%clk 0:09:20]} Nh5 {[%clk 0:08:54]} 12. Qa4
{[%clk 0:03:26]} Nd4 {[%clk 0:07:44]} 13. Nec3 {[%clk 0:02:41]} Qxa4
{[%clk 0:07:32]} 14. Nxa4 {[%clk 0:02:49]} Ne2+ {[%clk 0:07:40]} 15. Kh2
{[%clk 0:02:48]} Rf7 {[%clk 0:07:02]} 16. Bd2 {[%clk 0:01:15]} c6
{[%clk 0:07:10]} 17. Ndc3 {[%clk 0:00:54]} Nxc3 {[%clk 0:07:18]} 18. Nxc3
{[%clk 0:00:59]} e4 {[%clk 0:07:27]} 19. dxe4 {[%clk 0:00:52]} Bxc4
{[%clk 0:07:33]} 20. Rfd1 {[%clk 0:00:38]} Bd3 {[%clk 0:06:27]} 21. Rbc1
{[%clk 0:00:46]} fxe4 {[%clk 0:06:28]} 22. Bxe4 {[%clk 0:00:19]} Bxc3
{[%clk 0:06:31]} 23. Bxd3 {[%clk 0:00:22]} Rxf2+ {[%clk 0:06:40]} 24. Kg1
{[%clk 0:00:29]} Rxd2 {[%clk 0:06:47]} 25. bxc3 {[%clk 0:00:35]} Rxd1+
{[%clk 0:06:56]} 26. Rxd1 {[%clk 0:00:44]} Nxg3 {[%clk 0:07:04]} 27. Bc4+
{[%clk 0:00:52]} d5 {[%clk 0:07:13]} 0-1

[Event "Russian Rapid Championship (m)"]
[Site "Sochi"]
[Date "2022.10.15"]
[Round "1.2"]
[White "Tomashevsky, Evgeny"]
[Black "Ponomarev, Vsevolod"]
[Result "1-0"]
[BlackElo "2114"]
[WhiteElo "2631"]
[LiveChessVersion "1.4.8"]

1. Nf3 {[%clk 0:15:17]} d5 {[%clk 0:15:19]} 2. e3 {[%clk 0:15:24]} Nf6
{[%clk 0:15:26]} 3. c4 {[%clk 0:15:27]} e6 {[%clk 0:15:33]} 4. Nc3
{[%clk 0:15:23]} Be7 {[%clk 0:15:41]} 5. b3 {[%clk 0:15:23]} O-O {[%clk 0:15:36]}
6. Bb2 {[%clk 0:15:30]} c5 {[%clk 0:15:45]} 7. cxd5 {[%clk 0:15:14]} exd5
{[%clk 0:15:52]} 8. d4 {[%clk 0:15:03]} Nc6 {[%clk 0:15:52]} 9. Be2
{[%clk 0:14:53]} cxd4 {[%clk 0:15:53]} 10. Nxd4 {[%clk 0:14:57]} Bc5
{[%clk 0:16:01]} 11. Nxc6 {[%clk 0:13:02]} bxc6 {[%clk 0:16:10]} 12. O-O
{[%clk 0:13:09]} Bf5 {[%clk 0:16:04]} 13. Rc1 {[%clk 0:12:46]} Bd6
{[%clk 0:16:09]} 14. Na4 {[%clk 0:09:36]} Rc8 {[%clk 0:16:05]} 15. Qd4
{[%clk 0:09:34]} Qe7 {[%clk 0:15:23]} 16. Rfd1 {[%clk 0:08:24]} Rfd8
{[%clk 0:13:23]} 17. Nc5 {[%clk 0:08:14]} Ne8 {[%clk 0:11:58]} 18. b4
{[%clk 0:08:13]} f6 {[%clk 0:11:45]} 19. Qh4 {[%clk 0:07:03]} Be5
{[%clk 0:11:47]} 20. Bxe5 {[%clk 0:06:11]} Qxe5 {[%clk 0:11:55]} 21. Nb7
{[%clk 0:06:16]} Rd7 {[%clk 0:11:56]} 22. Na5 {[%clk 0:06:24]} Rd6
{[%clk 0:11:02]} 23. Qd4 {[%clk 0:05:07]} Qe7 {[%clk 0:10:08]} 24. Rc3
{[%clk 0:04:56]} Re6 {[%clk 0:09:26]} 25. a3 {[%clk 0:04:20]} Qd7
{[%clk 0:04:55]} 26. Bf3 {[%clk 0:03:59]} Be4 {[%clk 0:03:07]} 27. Bxe4
{[%clk 0:04:04]} 1-0

[Event "Russian Rapid Championship (m)"]
[Site "Sochi"]
[Date "2022.10.15"]
[Round "1.3"]
[White "Aleksandrov, Danila"]
[Black "Grachev, Boris"]
[Result "0-1"]
[BlackElo "2612"]
[WhiteElo "2096"]
[LiveChessVersion "1.4.8"]

1. e4 {[%clk 0:15:18]} c5 {[%clk 0:15:17]} 2. f4 {[%clk 0:15:22]} g6
{[%clk 0:14:49]} 3. Nf3 {[%clk 0:15:30]} Bg7 {[%clk 0:14:54]} 4. Be2
{[%clk 0:15:01]} d5 {[%clk 0:13:58]} 5. exd5 {[%clk 0:14:54]} Qxd5
{[%clk 0:12:58]} 6. Nc3 {[%clk 0:14:31]} Qd8 {[%clk 0:13:06]} 7. O-O
{[%clk 0:14:23]} Nh6 {[%clk 0:13:01]} 8. d3 {[%clk 0:12:21]} O-O {[%clk 0:12:42]}
9. Be3 {[%clk 0:10:57]} Nd7 {[%clk 0:12:09]} 10. Kh1 {[%clk 0:09:33]} b6
{[%clk 0:11:27]} 11. Qd2 {[%clk 0:06:56]} Bb7 {[%clk 0:11:09]} 12. Rae1
{[%clk 0:07:04]} Nf5 {[%clk 0:11:03]} 13. Bf2 {[%clk 0:07:08]} Qc7
{[%clk 0:10:05]} 14. Nb5 {[%clk 0:03:02]} Qc6 {[%clk 0:08:29]} 15. d4
{[%clk 0:03:11]} Nf6 {[%clk 0:07:45]} 16. Bd3 {[%clk 0:02:31]} c4
{[%clk 0:07:04]} 17. Bxf5 {[%clk 0:02:39]} Qxb5 {[%clk 0:06:58]} 18. Bh3
{[%clk 0:02:12]} Ne4 {[%clk 0:05:34]} 19. Qc1 {[%clk 0:02:06]} Nxf2+
{[%clk 0:03:23]} 20. Rxf2 {[%clk 0:02:15]} Bxf3 {[%clk 0:03:31]} 21. Rxf3
{[%clk 0:02:24]} Bxd4 {[%clk 0:03:39]} 22. c3 {[%clk 0:02:27]} Bf6
{[%clk 0:03:39]} 23. f5 {[%clk 0:02:37]} Kg7 {[%clk 0:02:48]} 24. g4
{[%clk 0:01:49]} g5 {[%clk 0:02:48]} 25. Bf1 {[%clk 0:01:28]} Rad8
{[%clk 0:02:43]} 26. Re4 {[%clk 0:00:31]} Qd5 {[%clk 0:02:39]} 27. Qe1
{[%clk 0:00:38]} b5 {[%clk 0:02:32]} 28. Kg1 {[%clk 0:00:39]} h6 {[%clk 0:02:19]}
29. Rfe3 {[%clk 0:00:41]} Qc5 {[%clk 0:02:18]} 30. Kh1 {[%clk 0:00:46]} Rd7
{[%clk 0:02:22]} 31. a4 {[%clk 0:00:50]} a6 {[%clk 0:02:28]} 32. axb5
{[%clk 0:00:56]} axb5 {[%clk 0:02:37]} 33. b4 {[%clk 0:00:44]} cxb3
{[%clk 0:02:35]} 34. Rb4 {[%clk 0:00:54]} Rfd8 {[%clk 0:02:39]} 35. Rxb5
{[%clk 0:00:53]} Qc6+ {[%clk 0:02:39]} 36. Kg1 {[%clk 0:00:58]} Rd1
{[%clk 0:02:43]} 37. Qe2 {[%clk 0:01:02]} R8d2 {[%clk 0:02:51]} 0-1

[Event "Russian Rapid Championship (m)"]
[Site "Sochi"]
[Date "2022.10.15"]
[Round "1.4"]
[White "Sjugirov, Sanan"]
[Black "Malchenko, Alexey"]
[Result "1-0"]
[BlackElo "2096"]
[WhiteElo "2609"]
[LiveChessVersion "1.4.8"]

1. e4 {[%clk 0:15:15]} c5 {[%clk 0:15:18]} 2. Nf3 {[%clk 0:15:17]} e6
{[%clk 0:15:27]} 3. d3 {[%clk 0:15:19]} Nc6 {[%clk 0:15:33]} 4. g3
{[%clk 0:15:27]} g6 {[%clk 0:15:28]} 5. h4 {[%clk 0:15:32]} h5 {[%clk 0:14:48]}
6. Bg2 {[%clk 0:15:39]} Bg7 {[%clk 0:14:55]} 7. O-O {[%clk 0:15:45]} d6
{[%clk 0:14:49]} 8. c3 {[%clk 0:14:56]} e5 {[%clk 0:13:29]} 9. Be3
{[%clk 0:14:29]} Bg4 {[%clk 0:12:50]} 10. Nbd2 {[%clk 0:14:27]} Qd7
{[%clk 0:12:39]} 11. Qb3 {[%clk 0:13:17]} Nf6 {[%clk 0:11:49]} 12. Ng5
{[%clk 0:10:31]} O-O {[%clk 0:10:38]} 13. f3 {[%clk 0:09:58]} Be6
{[%clk 0:10:46]} 14. Nxe6 {[%clk 0:10:05]} fxe6 {[%clk 0:10:40]} 15. Bh3
{[%clk 0:10:00]} Rae8 {[%clk 0:10:43]} 16. g4 {[%clk 0:09:26]} Kh7
{[%clk 0:08:28]} 17. Rad1 {[%clk 0:08:11]} Qe7 {[%clk 0:07:26]} 18. Bg5
{[%clk 0:08:03]} Qc7 {[%clk 0:06:55]} 19. Nc4 {[%clk 0:07:12]} d5
{[%clk 0:05:26]} 20. Ne3 {[%clk 0:07:09]} Nd4 {[%clk 0:03:54]} 21. cxd4
{[%clk 0:04:08]} exd4 {[%clk 0:04:03]} 22. Ng2 {[%clk 0:04:16]} Qg3
{[%clk 0:03:41]} 23. gxh5 {[%clk 0:04:08]} gxh5 {[%clk 0:02:05]} 24. e5
{[%clk 0:03:18]} Ng8 {[%clk 0:01:33]} 25. Bxe6 {[%clk 0:03:06]} Rxe6
{[%clk 0:01:42]} 26. f4 {[%clk 0:03:13]} Ne7 {[%clk 0:00:31]} 27. Bxe7
{[%clk 0:03:07]} Rxe7 28. Qxd5 {[%clk 0:03:14]} b6 {[%clk 0:00:41]} 29. Rf3
{[%clk 0:02:32]} Qg4 {[%clk 0:00:39]} 30. Rdf1 {[%clk 0:02:32]} Rg8
{[%clk 0:00:41]} 31. R1f2 {[%clk 0:02:24]} Bh6 {[%clk 0:00:38]} 32. Qe4+
{[%clk 0:01:58]} Kh8 {[%clk 0:00:40]} 33. Kf1 {[%clk 0:01:58]} Reg7
{[%clk 0:00:32]} 34. e6 {[%clk 0:01:17]} Re8 {[%clk 0:00:24]} 35. f5
{[%clk 0:01:18]} Be3 {[%clk 0:00:18]} 36. Nxe3 {[%clk 0:00:36]} Qg1+
{[%clk 0:00:27]} 37. Ke2 {[%clk 0:00:44]} dxe3 {[%clk 0:00:36]} 38. Qxe3
{[%clk 0:00:50]} Qb1 {[%clk 0:00:25]} 39. Qd2 {[%clk 0:00:46]} Rg1
{[%clk 0:00:24]} 40. Rf1 {[%clk 0:00:48]} 1-0

[Event "Russian Rapid Championship (m)"]
[Site "Sochi"]
[Date "2022.10.15"]
[Round "1.5"]
[White "Potapenko, Denis"]
[Black "Savchenko, Boris"]
[Result "0-1"]
[BlackElo "2605"]
[WhiteElo "2094"]
[LiveChessVersion "1.4.8"]

1. d4 {[%clk 0:15:17]} Nf6 {[%clk 0:12:28]} 2. Nc3 {[%clk 0:15:23]} d5
{[%clk 0:12:36]} 3. Bg5 {[%clk 0:15:26]} Nbd7 {[%clk 0:12:39]} 4. Nf3
{[%clk 0:15:19]} c6 {[%clk 0:12:46]} 5. e3 {[%clk 0:15:06]} h6 {[%clk 0:12:52]}
6. Bh4 {[%clk 0:15:12]} g6 {[%clk 0:10:51]} 7. Bd3 {[%clk 0:15:04]} Bg7
{[%clk 0:10:59]} 8. O-O {[%clk 0:13:45]} O-O {[%clk 0:11:01]} 9. h3
{[%clk 0:12:32]} Nh5 {[%clk 0:10:45]} 10. Nh2 {[%clk 0:09:08]} Bf6
{[%clk 0:08:06]} 11. Bxf6 {[%clk 0:08:54]} exf6 {[%clk 0:08:13]} 12. e4
{[%clk 0:07:19]} Nb6 {[%clk 0:08:13]} 13. Qd2 {[%clk 0:06:28]} dxe4
{[%clk 0:07:47]} 14. Nxe4 {[%clk 0:06:17]} f5 {[%clk 0:07:43]} 15. Nc3
{[%clk 0:05:59]} Qxd4 {[%clk 0:07:17]} 16. Qxh6 {[%clk 0:05:37]} Qf4
{[%clk 0:07:22]} 17. Qxf4 {[%clk 0:05:24]} Nxf4 {[%clk 0:07:29]} 18. Rfd1
{[%clk 0:05:00]} Nxd3 {[%clk 0:07:36]} 19. Rxd3 {[%clk 0:05:07]} Be6
{[%clk 0:07:44]} 20. Nf3 {[%clk 0:04:36]} Nc4 {[%clk 0:07:28]} 21. Nd4
{[%clk 0:02:03]} Nxb2 {[%clk 0:07:26]} 22. Nxe6 {[%clk 0:01:58]} Nxd3
{[%clk 0:07:28]} 23. Nxf8 {[%clk 0:01:58]} Nc5 {[%clk 0:07:35]} 24. Nxg6
{[%clk 0:01:38]} fxg6 {[%clk 0:07:42]} 25. Rd1 {[%clk 0:01:20]} Kf7
{[%clk 0:07:45]} 26. Rd4 {[%clk 0:01:00]} Ke6 {[%clk 0:07:44]} 27. Na4
{[%clk 0:00:50]} Ke5 {[%clk 0:07:31]} 28. c3 {[%clk 0:00:31]} Ne4
{[%clk 0:07:35]} 29. Rd7 {[%clk 0:00:26]} b5 {[%clk 0:07:42]} 30. Nb2
{[%clk 0:00:18]} Nxc3 {[%clk 0:07:32]} 31. Nd3+ {[%clk 0:00:25]} Ke6
{[%clk 0:07:04]} 32. Nc5+ {[%clk 0:00:30]} Kf6 {[%clk 0:07:11]} 33. Rd6+
{[%clk 0:00:25]} Ke5 {[%clk 0:07:17]} 34. Rxg6 {[%clk 0:00:15]} Nxa2
{[%clk 0:07:24]} 35. Nd7+ {[%clk 0:00:16]} Kd5 {[%clk 0:07:30]} 36. Nf6+
{[%clk 0:00:16]} Kd4 {[%clk 0:07:37]} 37. Nd7 {[%clk 0:00:14]} Nb4
{[%clk 0:07:45]} 38. Rd6+ {[%clk 0:00:20]} Kc3 {[%clk 0:07:51]} 39. Ne5
{[%clk 0:00:21]} a5 {[%clk 0:07:58]} 40. Nxc6 {[%clk 0:00:23]} Nxc6
{[%clk 0:08:03]} 41. Rxc6+ {[%clk 0:00:30]} Kb2 {[%clk 0:08:11]} 42. Rc5
{[%clk 0:00:19]} b4 {[%clk 0:08:19]} 43. Rxf5 {[%clk 0:00:16]} a4
{[%clk 0:08:27]} 0-1

[Event "Russian Rapid Championship (m)"]
[Site "Sochi"]
[Date "2022.10.15"]
[Round "1.6"]
[White "Bocharov, Dmitry"]
[Black "Magomedov, Rashid"]
[Result "1-0"]
[BlackElo "2089"]
[WhiteElo "2562"]
[LiveChessVersion "1.4.8"]

1. e4 {[%clk 0:15:13]} e5 {[%clk 0:15:13]} 2. Nf3 {[%clk 0:15:20]} Nf6
{[%clk 0:15:19]} 3. d4 {[%clk 0:15:18]} Nxe4 {[%clk 0:14:20]} 4. Bd3
{[%clk 0:15:12]} d5 {[%clk 0:14:22]} 5. Nxe5 {[%clk 0:15:15]} Nd7
{[%clk 0:14:08]} 6. Nc3 {[%clk 0:14:31]} Ndf6 {[%clk 0:13:24]} 7. Nxe4
{[%clk 0:12:28]} Nxe4 {[%clk 0:12:13]} 8. O-O {[%clk 0:08:28]} Bd6
{[%clk 0:07:47]} 9. c4 {[%clk 0:06:21]} Bxe5 {[%clk 0:07:52]} 10. dxe5
{[%clk 0:06:27]} O-O {[%clk 0:07:32]} 11. f3 {[%clk 0:04:55]} Nc5
{[%clk 0:06:01]} 12. cxd5 {[%clk 0:05:00]} Nxd3 {[%clk 0:05:56]} 13. Qxd3
{[%clk 0:05:07]} c6 {[%clk 0:05:32]} 14. d6 {[%clk 0:04:52]} f6 {[%clk 0:04:50]}
15. Bf4 {[%clk 0:04:17]} Be6 {[%clk 0:04:21]} 16. Rfe1 {[%clk 0:04:10]} f5
{[%clk 0:04:29]} 17. Qd2 {[%clk 0:03:52]} a5 {[%clk 0:04:07]} 18. b3
{[%clk 0:03:41]} Rf7 {[%clk 0:04:09]} 19. Be3 {[%clk 0:03:42]} b6
{[%clk 0:04:02]} 20. a3 {[%clk 0:03:03]} c5 {[%clk 0:03:04]} 21. b4
{[%clk 0:03:09]} cxb4 {[%clk 0:03:10]} 22. axb4 {[%clk 0:03:17]} a4
{[%clk 0:03:19]} 23. Rec1 {[%clk 0:03:03]} a3 {[%clk 0:03:20]} 24. Rc6
{[%clk 0:03:04]} Rb7 {[%clk 0:03:07]} 25. b5 {[%clk 0:02:50]} a2 {[%clk 0:03:06]}
26. h3 {[%clk 0:02:58]} h6 {[%clk 0:03:14]} 27. Qc2 {[%clk 0:02:46]} Qh4
{[%clk 0:02:29]} 28. d7 {[%clk 0:02:19]} Bxd7 {[%clk 0:02:06]} 29. Rxa2
{[%clk 0:02:08]} Rxa2 {[%clk 0:02:08]} 30. Qxa2+ {[%clk 0:02:16]} Kh7
{[%clk 0:02:17]} 31. Rc1 {[%clk 0:01:59]} Bxb5 {[%clk 0:01:13]} 32. Qd5 Ba6 33.
e6 {[%clk 0:01:57]} Qf6 {[%clk 0:00:20]} 34. Bd4 {[%clk 0:01:44]} Qg5
{[%clk 0:00:15]} 35. Ra1 {[%clk 0:01:51]} Ra7 {[%clk 0:00:20]} 36. Qe5
{[%clk 0:01:54]} Ra8 {[%clk 0:00:25]} 37. e7 {[%clk 0:01:49]} Re8
{[%clk 0:00:11]} 38. Rxa6 {[%clk 0:01:38]} Rxe7 {[%clk 0:00:20]} 39. f4
{[%clk 0:01:36]} Rxe5 {[%clk 0:00:24]} 40. fxg5 {[%clk 0:01:43]} Rd5
{[%clk 0:00:22]} 41. Rxb6 {[%clk 0:01:28]} 1-0

[Event "Russian Rapid Championship (m)"]
[Site "Sochi"]
[Date "2022.10.15"]
[Round "1.7"]
[White "Prikhodko, Sergey"]
[Black "Timofeev, Artyom"]
[Result "1/2-1/2"]
[BlackElo "2560"]
[WhiteElo "2081"]
[LiveChessVersion "1.4.8"]

1. e3 {[%clk 0:15:18]} g6 {[%clk 0:14:50]} 2. f4 {[%clk 0:14:42]} Bg7
{[%clk 0:14:50]} 3. Nf3 {[%clk 0:14:49]} c5 {[%clk 0:14:30]} 4. Nc3
{[%clk 0:14:43]} Nc6 {[%clk 0:13:44]} 5. Bb5 {[%clk 0:14:49]} Nh6
{[%clk 0:13:36]} 6. O-O {[%clk 0:14:36]} O-O {[%clk 0:13:42]} 7. Bxc6
{[%clk 0:14:00]} dxc6 {[%clk 0:13:23]} 8. b3 {[%clk 0:13:33]} Bg4
{[%clk 0:11:37]} 9. Bb2 {[%clk 0:13:10]} Nf5 {[%clk 0:11:37]} 10. Qe1
{[%clk 0:13:10]} Bxf3 {[%clk 0:11:40]} 11. Rxf3 {[%clk 0:13:18]} h5
{[%clk 0:11:18]} 12. Na4 {[%clk 0:12:18]} b6 {[%clk 0:10:56]} 13. Bxg7
{[%clk 0:11:42]} Kxg7 {[%clk 0:11:04]} 14. d3 {[%clk 0:11:32]} Qd6
{[%clk 0:10:22]} 15. Qc3+ {[%clk 0:10:59]} Kg8 {[%clk 0:10:28]} 16. Re1
{[%clk 0:11:00]} Rad8 {[%clk 0:10:20]} 17. Nb2 {[%clk 0:10:23]} b5
{[%clk 0:10:26]} 18. a4 Rfe8 {[%clk 0:10:20]} 19. Nd1 {[%clk 0:08:23]} e5
{[%clk 0:08:40]} 20. fxe5 {[%clk 0:07:21]} Rxe5 {[%clk 0:08:40]} 21. Nf2
{[%clk 0:06:06]} Qe6 {[%clk 0:07:16]} 22. Ne4 {[%clk 0:05:40]} b4
{[%clk 0:07:17]} 23. Qa1 {[%clk 0:05:08]} Re8 {[%clk 0:06:56]} 24. Qc1
{[%clk 0:04:19]} Qe7 {[%clk 0:06:14]} 25. Ref1 {[%clk 0:03:48]} Rd8
{[%clk 0:05:55]} 26. Qe1 {[%clk 0:03:35]} Kg7 {[%clk 0:05:15]} 27. Qf2
{[%clk 0:03:37]} Rd7 {[%clk 0:04:49]} 28. h3 {[%clk 0:03:37]} h4 {[%clk 0:04:53]}
29. Re1 {[%clk 0:03:01]} c4 {[%clk 0:03:47]} 30. bxc4 {[%clk 0:02:58]} b3
{[%clk 0:03:55]} 31. Rb1 {[%clk 0:01:22]} Rxe4 {[%clk 0:03:12]} 32. dxe4
{[%clk 0:01:09]} Qxe4 {[%clk 0:03:20]} 33. Rc1 {[%clk 0:00:53]} Qxc4
{[%clk 0:01:44]} 34. e4 {[%clk 0:00:22]} Nd4 {[%clk 0:01:39]} 35. Rd3
{[%clk 0:00:31]} bxc2 {[%clk 0:01:37]} 36. Rd2 {[%clk 0:00:36]} Qxa4
{[%clk 0:00:33]} 37. Rcxc2 {[%clk 0:00:41]} a5 {[%clk 0:00:21]} 38. e5
{[%clk 0:00:49]} Nxc2 {[%clk 0:00:14]} 39. Rxd7 {[%clk 0:00:57]} Qa1+
{[%clk 0:00:23]} 40. Kh2 {[%clk 0:01:02]} Qxe5+ {[%clk 0:00:31]} 41. Kg1
{[%clk 0:01:09]} Qe6 {[%clk 0:00:23]} 42. Rd2 {[%clk 0:01:06]} Nb4
{[%clk 0:00:27]} 43. Qd4+ {[%clk 0:01:15]} Qf6 {[%clk 0:00:34]} 44. Qc5
{[%clk 0:01:14]} Nd5 {[%clk 0:00:15]} 45. Rf2 {[%clk 0:01:09]} Qc3
{[%clk 0:00:18]} 46. Qa7 {[%clk 0:01:09]} Nf6 {[%clk 0:00:24]} 47. Rf3
{[%clk 0:01:13]} Qe5 {[%clk 0:00:30]} 48. Qa6 {[%clk 0:01:04]} Qc5+
{[%clk 0:00:37]} 49. Kh2 {[%clk 0:01:10]} Ne4 {[%clk 0:00:43]} 50. Qb7
{[%clk 0:01:02]} Ng5 {[%clk 0:00:42]} 51. Rf1 {[%clk 0:01:04]} a4
{[%clk 0:00:49]} 52. Qb2+ {[%clk 0:01:07]} Kh7 {[%clk 0:00:43]} 53. Qf2
{[%clk 0:00:58]} Qxf2 {[%clk 0:00:29]} 54. Rxf2 {[%clk 0:01:06]} Kg7
{[%clk 0:00:34]} 55. Rc2 {[%clk 0:01:14]} Ne4 {[%clk 0:00:22]} 1/2-1/2

[Event "Russian Rapid Championship (m)"]
[Site "Sochi"]
[Date "2022.10.15"]
[Round "1.8"]
[White "Tsydypov, Zhamsaran"]
[Black "Ermakov, Maksim"]
[Result "1-0"]
[BlackElo "2067"]
[WhiteElo "2554"]
[LiveChessVersion "1.4.8"]

1. c4 {[%clk 0:15:16]} e6 {[%clk 0:15:14]} 2. b3 {[%clk 0:15:15]} d5
{[%clk 0:15:16]} 3. Bb2 {[%clk 0:15:22]} Nf6 {[%clk 0:15:20]} 4. Nf3
{[%clk 0:15:30]} Be7 {[%clk 0:15:25]} 5. g3 {[%clk 0:15:38]} b6 {[%clk 0:15:31]}
6. Bg2 {[%clk 0:15:46]} Bb7 {[%clk 0:15:39]} 7. cxd5 {[%clk 0:15:48]} Bxd5
{[%clk 0:14:10]} 8. Nc3 {[%clk 0:15:30]} Bb7 {[%clk 0:14:16]} 9. d4
{[%clk 0:15:11]} O-O {[%clk 0:14:13]} 10. O-O {[%clk 0:15:17]} Nbd7
{[%clk 0:14:15]} 11. Qc2 {[%clk 0:15:15]} c5 {[%clk 0:14:05]} 12. Rad1
{[%clk 0:15:09]} cxd4 {[%clk 0:13:29]} 13. Rxd4 {[%clk 0:15:05]} Rc8
{[%clk 0:12:28]} 14. Rfd1 {[%clk 0:14:59]} Qc7 {[%clk 0:11:48]} 15. Qb1
{[%clk 0:13:31]} a6 {[%clk 0:10:04]} 16. Ng5 {[%clk 0:13:18]} Rfd8
{[%clk 0:09:11]} 17. Nge4 {[%clk 0:09:39]} Nf8 {[%clk 0:07:15]} 18. Nxf6+
{[%clk 0:08:21]} Bxf6 {[%clk 0:07:19]} 19. Rxd8 {[%clk 0:08:24]} Rxd8
{[%clk 0:06:43]} 20. Rxd8 {[%clk 0:08:10]} Bxd8 {[%clk 0:06:04]} 21. Bxb7
{[%clk 0:08:01]} Qxb7 {[%clk 0:06:08]} 22. Qd3 {[%clk 0:07:23]} Bf6
{[%clk 0:06:01]} 23. Ba3 {[%clk 0:07:27]} Bxc3 {[%clk 0:03:48]} 24. Qxc3
{[%clk 0:07:35]} Nd7 {[%clk 0:02:53]} 25. Bb2 {[%clk 0:07:21]} f6
{[%clk 0:02:41]} 26. Qc4 {[%clk 0:07:14]} Kf7 {[%clk 0:02:40]} 27. Qd3
{[%clk 0:06:27]} h5 {[%clk 0:01:46]} 28. Ba3 {[%clk 0:06:22]} b5 {[%clk 0:01:39]}
29. Qd6 {[%clk 0:06:17]} Ne5 {[%clk 0:01:15]} 30. Qf8+ {[%clk 0:06:01]} Kg6
{[%clk 0:01:23]} 31. Qe8+ {[%clk 0:06:03]} Qf7 {[%clk 0:01:31]} 32. Qa8
{[%clk 0:05:45]} Qd7 {[%clk 0:01:31]} 33. Qe4+ {[%clk 0:05:38]} Kf7
{[%clk 0:01:36]} 34. Bb2 {[%clk 0:04:59]} Nc6 {[%clk 0:00:59]} 35. Qf3
{[%clk 0:04:50]} Qd1+ {[%clk 0:00:47]} 36. Kg2 {[%clk 0:04:58]} Qd5
{[%clk 0:00:54]} 37. e4 {[%clk 0:05:02]} Qc5 {[%clk 0:00:47]} 38. e5
{[%clk 0:05:03]} Qd5 {[%clk 0:00:33]} 39. exf6 {[%clk 0:03:29]} gxf6
{[%clk 0:00:28]} 40. Qxd5 {[%clk 0:02:59]} exd5 {[%clk 0:00:37]} 41. Kf3
{[%clk 0:02:51]} Ne5+ {[%clk 0:00:20]} 42. Ke3 {[%clk 0:01:28]} Nc6
{[%clk 0:00:19]} 43. f3 {[%clk 0:00:56]} Kg6 {[%clk 0:00:19]} 44. Bc3
{[%clk 0:00:41]} Kf5 {[%clk 0:00:22]} 45. h3 {[%clk 0:00:45]} Kg5
{[%clk 0:00:18]} 46. Bd2 {[%clk 0:00:46]} Kf5 {[%clk 0:00:14]} 47. Bc1
{[%clk 0:00:54]} Kg5 {[%clk 0:00:22]} 48. f4+ {[%clk 0:00:45]} Kf5
{[%clk 0:00:28]} 49. Bb2 {[%clk 0:00:53]} Nb4 {[%clk 0:00:33]} 50. Kd4
{[%clk 0:00:16]} Ke6 {[%clk 0:00:24]} 51. a3 {[%clk 0:00:23]} Nc2+
{[%clk 0:00:31]} 52. Kd3 {[%clk 0:00:27]} Ne1+ {[%clk 0:00:32]} 53. Ke2
{[%clk 0:00:35]} Ng2 {[%clk 0:00:17]} 54. Kf2 {[%clk 0:00:43]} Nxf4
{[%clk 0:00:16]} 55. gxf4 {[%clk 0:00:51]} Kf5 {[%clk 0:00:16]} 56. Ke3
{[%clk 0:00:58]} a5 {[%clk 0:00:24]} 57. Bc3 {[%clk 0:01:04]} a4 {[%clk 0:00:32]}
58. b4 {[%clk 0:01:12]} h4 {[%clk 0:00:39]} 59. Bd2 {[%clk 0:01:18]} Ke6
{[%clk 0:00:45]} 60. Kd4 {[%clk 0:01:27]} Kd6 {[%clk 0:00:54]} 61. f5
{[%clk 0:01:36]} 1-0

[Event "Russian Rapid Championship (m)"]
[Site "Sochi"]
[Date "2022.10.15"]
[Round "1.9"]
[White "Esipenko, Aleksandr"]
[Black "Shomoev, Anton"]
[Result "0-1"]
[BlackElo "2553"]
[WhiteElo "2056"]
[LiveChessVersion "1.4.8"]

1. d4 {[%clk 0:15:17]} Nf6 {[%clk 0:15:16]} 2. Nf3 {[%clk 0:15:24]} g6
{[%clk 0:15:25]} 3. Bf4 {[%clk 0:15:28]} d6 {[%clk 0:15:26]} 4. e3
{[%clk 0:15:33]} Bg7 {[%clk 0:15:28]} 5. Be2 {[%clk 0:15:38]} O-O
{[%clk 0:15:35]} 6. h3 {[%clk 0:15:44]} Nc6 {[%clk 0:15:33]} 7. O-O
{[%clk 0:15:49]} Ne4 {[%clk 0:15:38]} 8. c3 {[%clk 0:14:33]} e5 {[%clk 0:15:37]}
9. Bh2 {[%clk 0:14:40]} Qe7 {[%clk 0:14:46]} 10. dxe5 {[%clk 0:14:00]} dxe5
{[%clk 0:14:47]} 11. Qa4 {[%clk 0:14:02]} Nc5 {[%clk 0:13:41]} 12. Qa3
{[%clk 0:14:05]} Be6 {[%clk 0:13:09]} 13. Nbd2 {[%clk 0:13:38]} Rfd8
{[%clk 0:12:40]} 14. Rfd1 {[%clk 0:12:19]} f6 {[%clk 0:12:36]} 15. Bb5
{[%clk 0:11:04]} Nd3 {[%clk 0:12:14]} 16. Qxe7 {[%clk 0:10:34]} Nxe7
{[%clk 0:12:22]} 17. b3 {[%clk 0:10:28]} Nc5 {[%clk 0:10:28]} 18. b4
{[%clk 0:08:27]} a6 {[%clk 0:10:27]} 19. Be2 {[%clk 0:08:34]} Na4
{[%clk 0:10:31]} 20. Rdc1 {[%clk 0:08:39]} Nd5 {[%clk 0:09:24]} 21. Bc4
{[%clk 0:07:23]} Bf7 {[%clk 0:09:07]} 22. Ne4 {[%clk 0:03:52]} b5
{[%clk 0:09:15]} 23. Bb3 {[%clk 0:03:58]} Ndb6 {[%clk 0:09:24]} 24. Ned2
{[%clk 0:03:22]} Nb2 {[%clk 0:09:15]} 25. Rc2 {[%clk 0:03:28]} N2c4
{[%clk 0:09:23]} 26. Ne4 {[%clk 0:02:39]} a5 {[%clk 0:09:18]} 27. bxa5
{[%clk 0:02:40]} Nxa5 {[%clk 0:09:10]} 28. Rb1 {[%clk 0:02:48]} Nbc4
{[%clk 0:08:52]} 29. Re2 {[%clk 0:02:41]} Nxb3 {[%clk 0:08:52]} 30. axb3
{[%clk 0:02:39]} Na5 {[%clk 0:08:39]} 31. b4 {[%clk 0:02:05]} Bc4
{[%clk 0:07:34]} 32. Rd2 {[%clk 0:02:05]} Nb3 {[%clk 0:07:42]} 33. Rdb2
{[%clk 0:01:18]} Bd3 {[%clk 0:07:40]} 34. Rxb3 {[%clk 0:01:26]} Bxe4
{[%clk 0:07:48]} 35. Rc1 {[%clk 0:01:31]} Ra2 {[%clk 0:07:49]} 36. Bg3
{[%clk 0:01:39]} Bc2 {[%clk 0:07:47]} 37. Rxc2 {[%clk 0:01:28]} Rxc2
{[%clk 0:07:55]} 38. Ra3 {[%clk 0:01:38]} Rd1+ {[%clk 0:07:37]} 39. Kh2
{[%clk 0:01:46]} Rcc1 {[%clk 0:07:46]} 0-1